000 00889nam a22002057a 4500
999 _c19561
_d19561
005 20251125232917.0
008 s2542 th tha d
040 _aNALT
041 _atha
245 1 0 _aกฎหมายสำหรับประชาชน เล่ม 3 : รัฐธรรมนูญและการเลือกตั้ง [2nd]
260 3 _aกรุงเทพฯ :
_bมหาวิทยาลัยธรรมศาสตร์,
_c2542
300 _a190 หน้า ;
_b 19 ซม.
650 0 4 _aกฎหมาย -- ความรู้ทั่วไป
650 0 4 _aรัฐธรรมนูญ -- ไทย -- 2540
850 _aNALT
856 4 0 _uhttps://hdl.handle.net/20.500.14156/448276
_71
942 _cLB
_2lcc
998 _j25
_k นีลวัสน์ อินทรักษา
090 _aKC32 ค961ก 2542